Comparison of the Households´ Work Intensity in Slovakia and Czechia Through Least Squares Means Analysis Based on GLM
Salvato in:
| Autore principale: | |
|---|---|
| Altri autori: | , , |
| Natura: | Capitolo di libro |
| Lingua: | inglese |
| Soggetti: | |
| Tags: |
Nessun Tag, puoi essere il primo ad aggiungerne!!
|
MARC
| LEADER | 00000naa$a2200000$$$4500 | ||
|---|---|---|---|
| 001 | 0296571 | ||
| 005 | 20240502083955.1 | ||
| 041 | 0 | |a eng | |
| 044 | |a IT | ||
| 245 | 1 | 0 | |a Comparison of the Households´ Work Intensity in Slovakia and Czechia Through Least Squares Means Analysis Based on GLM |c Silvia Komara, Martina Košíková, Erik Šoltés, Tatiana Šoltésová |
| 500 | |a Abstrakt | ||
| 610 | 2 | 0 | |a domácnosti |
| 610 | 2 | 0 | |a práca |
| 610 | 2 | 0 | |a zaťaženie pracovné |
| 610 | 2 | 0 | |a analýza kvalitatívna |
| 610 | 2 | 0 | |a modely lineárne |
| 100 | 1 | |a Komara, Silvia, 1985- | |
| 700 | 1 | |a Košíková, Martina, 1997- | |
| 700 | 1 | |a Šoltés, Erik, 1974- | |
| 700 | 1 | |a Šoltésová, Tatiana, 1975- | |